000 00289nam a22001337a 4500
008 181221b xxu||||| |||| 00| 0 eng d
020 _a9780138170998
041 _aeng
080 _27th
_a159.9
100 _a49
101 _aPSI
245 _aSocial Psychology
_cSears
942 _2udc
_cBK
999 _c53701
_d53701